| 000 | 00509nam a2200169Ia 4500 | ||
|---|---|---|---|
| 999 |
_c7989 _d7989 |
||
| 003 | OSt | ||
| 005 | 20200130102208.0 | ||
| 008 | 190216s9999||||xx |||||||||||||| ||und|| | ||
| 020 | _a9788125914426 | ||
| 040 | _coclc | ||
| 082 |
_a338.14 _bSIN/R |
||
| 100 |
_aSingh, Sukhpal _91619 |
||
| 245 | 0 |
_aRural Marketing Focus On Agricultural Inputs / _cSukhpal Singh |
|
| 260 |
_bVikas Publishing House, _c2012. _aNew Delhi: |
||
| 300 | _a138p | ||
| 942 |
_cBK _2ddc _h338.14 _iSIN/R _k338.14 _mSIN/R |
||